| 000 | 00432nam a2200169Ia 4500 | ||
|---|---|---|---|
| 005 | 20250508151130.0 | ||
| 008 | 008 250505s9999 xx 000 0 hin d | ||
| 037 | _aTextual | ||
| 040 |
_aFEDL _beng _cFEDL |
||
| 041 |
_ahin _2eng |
||
| 084 |
_a901, KEL _qFEDL |
||
| 100 |
_aKela Bhagvan Das _9758482 |
||
| 245 | 0 | _aManush jati ki pragati | |
| 300 | _a382p. | ||
| 942 |
_cTEXL _h901, KEL |
||
| 999 |
_c1327779 _d1327779 |
||